Practicing theory in second languaje writing

Guardat en:
Dades bibliogràfiques
Autor principal: Silva, Tony (Autor)
Altres autors: Matsuda, Paul Kei (autor)
Format: Llibre
Idioma:anglès
Publicat: Indianápolis Palor Press 2009
Edició:1a. ed
Col·lecció:Second language writing, 2
Matèries:
Etiquetes: Afegir etiqueta
Sense etiquetes, Sigues el primer a etiquetar aquest registre!

MARC

LEADER 00000cam a2200000 a 4500
001 UCE9827
003 CL-VaPUC
008 151106e20090000us |||||||||||||||||eng|d
020 |a 9781602351387 
020 |a 9781602351394 
082 0 4 |a 418.0071  |b SIL  |2 21 
100 0 |a Silva, Tony  |e author  |9 582779 
700 |a Matsuda, Paul Kei  |e autor  |9 582780 
245 1 0 |a Practicing theory in second languaje writing 
250 |a 1a. ed 
300 |a 312 p 
942 |c BK 
945 |d 20151106 14:16:00  |a arojas 
260 |a Indianápolis  |b Palor Press  |c 2009 
650 0 |a Segunda lengua  |9 556822 
650 0 |a Lenguaje y lenguas  |9 265846 
650 0 |a Educación lingüística  |9 306506 
650 7 |a GRAMATICA UNIVERSAL  |2 CL-VaPUC  |9 556823 
583 |a last modification  |c 20151106 14:16:00  |k Rodrigo Vera 
490 0 |a Second language writing, 2 
999 |c 361470  |d 361468 
952 |0 0  |1 0  |3 erb  |4 0  |6 418_007100000000000_SIL_2009  |7 0  |8 A  |9 472030  |a BIBEDU  |b BIBEDU  |c ES_NOD  |i 5247225  |o 418.0071 SIL 2009  |p 5247225  |r 2023-08-09  |w 2019-11-24  |y BK  |z Catalogado en:20151106  |k LIT